Udržanie eurozóny si vyžiada radikálne ústupky, ale iná výhodná alternatíva neexistuje
Kríza v eurozóne. Členstvo štátov v Európskej únii na základe Zmluvy o EÚ. Možnosť členského štátu rozhodnúť sa vystúpiť z Únie v súlade so svojimi ústavnými požiadavkami. Otázka, či by bitku medzi eurom a dolárom mohla vyhrať tretia mena. Percentuálny podiel jednotlivých mien na priemernom dennom o...
Saved in:
| Main Author: | |
|---|---|
| Format: | Book Chapter |
| Language: | Slovak |
| Subjects: | |
| Tags: |
No Tags, Be the first to tag this record!
|
MARC
| LEADER | 00000naa$a2200000$$$4500 | ||
|---|---|---|---|
| 001 | 0157516 | ||
| 005 | 20240517111943.2 | ||
| 041 | 0 | |a slo | |
| 044 | |a SK | ||
| 245 | 1 | 0 | |a Udržanie eurozóny si vyžiada radikálne ústupky, ale iná výhodná alternatíva neexistuje |c Jana Kotlebová |
| 520 | |a Kríza v eurozóne. Členstvo štátov v Európskej únii na základe Zmluvy o EÚ. Možnosť členského štátu rozhodnúť sa vystúpiť z Únie v súlade so svojimi ústavnými požiadavkami. Otázka, či by bitku medzi eurom a dolárom mohla vyhrať tretia mena. Percentuálny podiel jednotlivých mien na priemernom dennom obrate devízových rezerv - porovnanie rokov 2001, 2004, 2007 a 2010. Prečo si udržanie eurozóny bude musieť vyžiadať radikálne ústupky. | ||
| 610 | 2 | 0 | |a eurozóna |
| 610 | 2 | 0 | |a euro |
| 610 | 2 | 0 | |a dolár |
| 610 | 2 | 0 | |a mena |
| 610 | 2 | 0 | |a kríza |
| 610 | 2 | 0 | |a Európska únia |
| 100 | 1 | |a Kotlebová, Jana, 1969- | |